Animal builders
| Main Author: | |
|---|---|
| Format: | Book |
| Published: |
London :
Cassell ,
1991
|
| Series: | How animals behave
|
| Subjects: |
MARC
| LEADER | 00000cam a2200000 7i4500 | ||
|---|---|---|---|
| 001 | 0000005449 | ||
| 002 | 000005890 | ||
| 005 | 20080102.0 | ||
| 020 | |a 0304319732 | ||
| 090 | 0 | 0 | |a J 591.51 |b HOW |
| 100 | 1 | |a Cherfas, Jeremy | |
| 245 | 1 | 0 | |a Animal builders |c Jeremy Cherfas |
| 260 | |a London : |b Cassell , |c 1991 | ||
| 300 | |a 32p : |b Illust ; |c 26 cm. | ||
| 490 | 0 | |a How animals behave | |
| 650 | 0 | 0 | |a Animals |x Behavioural aspect |
| 999 | |a 024034 |b BUKU |c JUNIOR REFERENCE |e PERPUSTAKAAN KOMUNITI CAW KOTA DAMANSARA | ||